| 000 | 00374nam a2200145Ia 4500 | ||
|---|---|---|---|
| 008 | 150201s2000 xx 000 0 und d | ||
| 082 |
_a617.695 _bG2000S |
||
| 100 | _aSHILLING BURG,HERBERT | ||
| 245 | _aGUIDE TO OCCLUSAL OF WAXING | ||
| 250 | _a3RD | ||
| 260 |
_bQUINTESSENCE PUBLICATION _aCHICAGO _c2000 |
||
| 300 | _aJan-58 | ||
| 650 | _aPROSTHODONTICS | ||
| 942 |
_2ddc _cBK |
||
| 999 |
_c4653 _d4653 |
||